Statistics for All 10k+ Cities in Bavaria

Click here to take the quiz!

General Stats

  • This quiz has been taken 464 times
  • The average score is 119 of 232

Answer Stats

County / County-level CityPopulationCity / Commune / Market% Correct
München Stadt1,484,226M{unich}
99%
Nürnberg518,370N{uremberg}
97%
Augsburg Stadt296,582A{ugsburg}
95%
Regen10,988R{egen}
95%
Regensburg Stadt153,094R{egensburg}
94%
Ingolstadt137,392I{ngolstadt}
93%
Passau Stadt52,803P{assau}
91%
Fürth Stadt128,497F{ürth}
90%
Würzburg Stadt127,934W{ürzburg}
90%
Bamberg Stadt77,373B{amberg}
89%
Bayreuth Stadt74,783B{ayreuth}
88%
Erlangen112,528E{rlangen}
88%
Neu-Ulm58,978N{eu}-U{lm}
87%
Landshut Stadt73,411L{andshut}
86%
Aschaffenburg Stadt71,002A{schaffenburg}
85%
Rosenheim Stadt63,551R{osenheim}
85%
Hof Stadt45,825H{of}
84%
Coburg Stadt41,072C{oburg}
82%
Dachau47,721D{achau}
82%
Garmisch-Partenkirchen27,215G{armisch}-P{artenkirchen}
80%
Kempten (Allgäu)69,151K{empten}
80%
Ansbach Stadt41,798A{nsbach}
78%
Freising49,126F{reising}
77%
Schweinfurt Stadt53,426S{chweinfurt}
77%
Amberg42,207A{mberg}
76%
Straubing47,791S{traubing}
76%
Rhön-Grabfeld15,358Bad N{eustadt} a.d. Saale
75%
Roth25,238R{oth}
75%
Weiden i.d. OPf.42,743W{eiden}
75%
Erding36,437E{rding}
74%
Memmingen44,100M{emmingen}
74%
Neustadt a.d. Aisch-Bad Windsheim13,259N{eustadt} a.d. Aisch
73%
Kelheim14,604N{eustadt} a.d. Donau
73%
Coburg15,173N{eustadt} bei C{oburg}
73%
Bad Tölz-Wolfratshausen19,155Bad T{ölz}
72%
Deggendorf33,721D{eggendorf}
72%
Kaufbeuren44,398K{aufbeuren}
72%
Fürstenfeldbruck37,004F{ürstenfeldbruck}
71%
Starnberg23,488S{tarnberg}
70%
Lindau (Bodensee)25,512L{indau}
69%
Cham16,990C{ham}
68%
Landsberg am Lech29,228L{andsberg}
68%
Bad Kissingen22,443Bad K{issingen}
67%
München25,285U{nterhaching}
66%
Dingolfing-Landau19,985D{ingolfing}
65%
Kulmbach25,866K{ulmbach}
65%
Dingolfing-Landau13,562L{andau} a.d. Isar
65%
Neumarkt i.d. OPf.40,277N{eumarkt}
65%
Traunstein20,599T{raunstein}
65%
Bad Tölz-Wolfratshausen19,033W{olfratshausen}
65%
Ostallgäu15,508F{üssen}
64%
Ansbach11,391R{othenburg} ob der Tauber
64%
München17,760G{arching}
63%
Fürstenfeldbruck40,399G{ermering}
63%
Neuburg-Schrobenhausen29,793N{euburg} a.d. Donau
63%
Weilheim-Schongau22,571W{eilheim} in Oberbayern
63%
Forchheim32,260F{orchheim}
62%
Erlangen-Höchstadt13,551H{öchstadt} a.d. Aisch
61%
Kelheim16,842K{elheim}
61%
Nürnberger Land26,483L{auf}
61%
Pfaffenhofen a.d. Ilm26,124P{faffenhofen} a.d. Ilm
61%
Rosenheim12,796W{asserburg} a. Inn
61%
Aichach-Friedberg29,979F{riedberg}
60%
Günzburg21,028G{ünzburg}
60%
München28,950U{nterschleißheim}
60%
Aichach-Friedberg21,470A{ichach}
59%
Berchtesgadener Land18,443Bad R{eichenhall}
59%
Donau-Ries19,590D{onauwörth}
59%
Schwabach40,981S{chwabach}
59%
Donau-Ries20,546N{ördlingen}
58%
Schwandorf29,130S{chwandorf}
58%
Amberg-Sulzbach19,410S{ulzbach}-R{osenberg}
58%
Altötting18,713B{urghausen}
57%
Ebersberg12,193E{bersberg}
57%
Eichstätt13,377E{ichstätt}
57%
Fürstenfeldbruck27,985O{lching}
57%
Oberallgäu21,619S{onthofen}
56%
Altötting13,001A{ltötting}
55%
Dillingen a.d. Donau19,149D{illingen} a.d. Donau
55%
Nürnberger Land14,050F{eucht}
55%
Kitzingen21,940K{itzingen}
55%
Weilheim-Schongau12,377S{chongau}
55%
Neuburg-Schrobenhausen17,226S{chrobenhausen}
55%
Weißenburg-Gunzenhausen18,645W{eißenburg}
55%
Miesbach11,471M{iesbach}
54%
Mühldorf a. Inn20,779M{ühldorf}
54%
München11,833O{berschleißheim}
54%
Rosenheim10,789P{rien} a. Chiemsee
54%
Rosenheim19,056Bad A{ibling}
53%
Weißenburg-Gunzenhausen16,616G{unzenhausen}
53%
München17,376I{smaning}
53%
Fürth25,588Z{irndorf}
53%
Straubing-Bogen10,197B{ogen}
52%
Ebersberg13,818Markt S{chwaben}
52%
Garmisch-Partenkirchen12,180M{urnau} a. Staffelsee
52%
München13,745O{berhaching}
52%
Regensburg16,253R{egenstauf}
52%
Traunstein20,931T{raunreut}
52%
Neustadt a.d. Aisch-Bad Windsheim12,369Bad W{indsheim}
51%
Starnberg10,711H{errsching} a. Ammersee
51%
Passau16,758V{ilshofen}
51%
Augsburg28,059K{önigsbrunn}
50%
Main-Spessart15,189L{ohr} a. Main
50%
Freising18,656M{oosburg}
50%
Landshut12,203V{ilsbiburg}
50%
Neu-Ulm17,482I{llertissen}
49%
Aichach-Friedberg11,621K{issing}
49%
Kronach16,815K{ronach}
49%
Ebersberg24,404V{aterstetten}
49%
Erlangen-Höchstadt23,373H{erzogenaurach}
48%
Lichtenfels20,142L{ichtenfels}
48%
Kelheim15,163M{ainburg}
48%
Freising14,015E{ching}
47%
Bad Tölz-Wolfratshausen25,438G{eretsried}
47%
München21,476H{aar}
47%
Miesbach16,640H{olzkirchen}
47%
Freising20,165N{eufahrn}
47%
Erding10,290T{aufkirchen}
47%
München18,001T{aufkirchen}
47%
Unterallgäu16,328Bad W{örishofen}
46%
Landsberg am Lech10,526D{ießen} am Ammersee
46%
Rottal-Inn13,840E{ggenfelden}
46%
Starnberg19,159G{ilching}
46%
Oberallgäu14,314I{mmenstadt} i. Allgäu
46%
München21,694O{ttobrunn}
46%
Deggendorf13,028P{lattling}
46%
Kelheim13,996A{bensberg}
45%
Ansbach12,479F{euchtwangen}
45%
Berchtesgadener Land17,147F{reilassing}
45%
Ebersberg13,775G{rafing} b. M{ünchen}
45%
Wunsiedel i. Fichtelgebirge17,228M{arktredwitz}
45%
Bayreuth13,263P{egnitz}
45%
Ebersberg16,122P{oing}
45%
Wunsiedel i. Fichtelgebirge14,895S{elb}
45%
Nürnberger Land15,276A{ltdorf}
44%
Landshut11,178A{ltdorf}
44%
Ansbach11,836D{inkelsbühl}
44%
Starnberg20,764G{auting}
44%
München13,766G{räfelfing}
44%
Pfaffenhofen a.d. Ilm12,639M{anching}
44%
Kelheim12,430Bad A{bbach}
43%
Würzburg11,296O{chsenfurt}
43%
Fürth14,128S{tein}
43%
München11,284U{nterföhring}
43%
Schwandorf13,687B{urglengenfeld}
42%
Erding14,697D{orfen}
42%
Augsburg22,451G{ersthofen}
42%
Rosenheim18,532K{olbermoor}
42%
Unterallgäu15,137M{indelheim}
42%
Regensburg13,997N{eutraubling}
42%
Aschaffenburg18,505A{lzenau}
41%
München11,270G{rünwald}
41%
Fürstenfeldbruck21,417P{uchheim}
41%
Cham12,142R{oding}
41%
Dachau21,832K{arlsfeld}
40%
Dachau10,508Markt I{ndersdorf}
40%
Rottal-Inn12,953P{farrkirchen}
40%
Freising11,094H{allbergmoos}
39%
Ostallgäu18,725M{arktoberdorf}
39%
Weilheim-Schongau16,514P{enzberg}
39%
Passau16,041P{ocking}
39%
Mühldorf a. Inn23,392W{aldkraiburg}
39%
Fürstenfeldbruck20,029G{röbenzell}
38%
Haßberge13,501H{aßfurt}
38%
Günzburg13,522K{rumbach}
38%
Augsburg22,335N{eusäß}
38%
Weilheim-Schongau11,425P{eiting}
38%
Neu-Ulm22,529S{enden}
38%
Weißenburg-Gunzenhausen12,952T{reuchtlingen}
38%
Roth13,731H{ilpoltstein}
37%
Main-Spessart14,983K{arlstadt}
37%
Bad Tölz-Wolfratshausen10,048L{enggries}
37%
Fürstenfeldbruck14,293M{aisach}
37%
Aichach-Friedberg14,852M{ering}
37%
Weilheim-Schongau12,589P{eißenberg}
37%
München11,100P{lanegg}
37%
Augsburg14,312S{chwabmünchen}
37%
Freyung-Grafenau10,704W{aldkirchen}
37%
Augsburg17,307B{obingen}
36%
Ostallgäu13,273B{uchloe}
36%
Regensburg13,338L{appersdorf}
36%
München14,785N{eubiberg}
36%
Pfaffenhofen a.d. Ilm11,658W{olnzach}
36%
Lichtenfels10,434Bad S{taffelstein}
35%
Rosenheim10,932F{eldkirchen}-W{esterham}
35%
Main-Spessart10,039G{emünden} a. Main
35%
Bad Kissingen11,023H{ammelburg}
35%
Landsberg am Lech10,251K{aufering}
35%
Lindau (Bodensee)11,525L{indenberg} i. Allgäu
35%
Fürth11,249C{adolzburg}
34%
Landshut12,720E{rgolding}
34%
Eichstätt12,182G{aimersheim}
34%
Nürnberger Land12,436H{ersbruck}
34%
Schwandorf11,787M{axhütte}-H{aidhof}
34%
Deggendorf11,764O{sterhofen}
34%
Rosenheim11,472R{aubling}
34%
Augsburg15,096S{tadtbergen}
34%
Traunstein11,295T{rostberg}
34%
Neu-Ulm13,630V{öhringen}
34%
Roth15,757W{endelstein}
34%
Rosenheim16,606B{ruckmühl}
33%
Landshut11,999E{ssenbach}
33%
Aschaffenburg16,365G{roßostheim}
33%
Bamberg12,380H{irschaid}
33%
Main-Spessart11,213M{arktheidenfeld}
33%
Fürth17,681O{berasbach}
33%
Günzburg10,123B{urgau}
32%
Fürstenfeldbruck11,922E{ichenau}
32%
München12,811K{irchheim} b. M{ünchen}
32%
Augsburg11,727M{eitingen}
32%
Altötting10,504B{urgkirchen} a.d. Alz
31%
Erlangen-Höchstadt14,515E{ckental}
31%
Pfaffenhofen a.d. Ilm11,473G{eisenfeld}
31%
Aschaffenburg13,240H{ösbach}
31%
Dillingen a.d. Donau11,060L{auingen}
31%
Hof10,107M{ünchberg}
31%
Nürnberger Land12,306R{öthenbach} a.d. Pegnitz
31%
Rosenheim10,593S{tephanskirchen}
31%
Neu-Ulm13,521W{eißenhorn}
31%
Augsburg10,521D{iedorf}
30%
Passau11,703H{auzenberg}
30%
München10,880H{öhenkirchen}-S{iegertsbrunn}
30%
Coburg13,169R{ödental}
30%
Schweinfurt10,157W{erneck}
30%
Aschaffenburg10,010G{oldbach}
29%
Nürnberger Land11,433B{urgthann}
28%
Miltenberg10,258E{rlenbach} a. Main
28%
Ebersberg10,648K{irchseeon}
28%
Fürth10,601L{angenzenn}
28%
Aschaffenburg11,487M{ömbris}
28%
Fürth10,010R{oßtal}
28%
Oberallgäu10,149A{ltusried}
27%

Score Distribution

Percentile by Number Answered

Percent of People with Each Score

Your Score History

You have not taken this quiz